|
|
|
|
| LEADER |
01020nam a22002651 4500 |
| 001 |
c000202199 |
| 003 |
CARM |
| 005 |
20021125001900.0 |
| 008 |
851113s1973 xna 0 eng d |
| 019 |
1 |
|
|a 4124557
|5 LACONCORD2021
|
| 035 |
|
|
|a (OCoLC)218693324
|5 LACONCORD2021
|
| 042 |
|
|
|a anuc
|
| 043 |
|
|
|a e-uk---
|
| 100 |
1 |
|
|a Litchfield, Kay.
|
| 245 |
1 |
4 |
|a The Conservative Party and European Unity :
|b a study in a changed ideology /
|c by K.Litchfield.
|
| 260 |
|
|
|a Syd.,
|c 1973.
|
| 502 |
|
|
|a Thesis ()--University of New South Wales,.
|
| 610 |
2 |
0 |
|a Conservative Party (Great Britain)
|x History.
|
| 610 |
2 |
0 |
|a Conservative Party (Great Britain)
|
| 651 |
|
0 |
|a Great Britain
|x Foreign relations
|z Europe.
|
| 651 |
|
0 |
|a Europe
|x Foreign public opinion, British.
|
| 852 |
8 |
|
|b CARM
|h A2:AG20H0
|i F01092
|p 0308137
|f BK
|
| 082 |
0 |
4 |
|a 329.941
|
| 999 |
f |
f |
|i d2f468fb-9c7c-5921-8f22-b4dd7157643f
|s d5e2d887-b052-5fef-93a4-acdf6f32853d
|
| 952 |
f |
f |
|p Can circulate
|a CAVAL
|b CAVAL
|c CAVAL
|d CARM 1 Store
|e F01092
|f A2:AG20H0
|h Other scheme
|i book
|m 0308137
|